[Event "ESP-chT Regional U14"]
[Site "Padron"]
[Date "2016.06.26"]
[Round "6.22"]
[White "Martinez Bastida, Jose Carlos"]
[Black "Guerra Rivera, Salvador"]
[Result "0-1"]
[WhiteElo "1714"]
[BlackElo "2205"]
[PlyCount "50"]
[EventDate "2016.06.23"]
[EventType "team-swiss"]
[EventRounds "6"]
[EventCountry "ESP"]
[SourceTitle "EXT 2017"]
[Source "ChessBase"]
[SourceDate "2016.10.25"]
[SourceVersion "1"]
[SourceVersionDate "2016.10.25"]
[SourceQuality "1"]
[WhiteTeam "Murcia"]
[BlackTeam "Andalucia"]
[WhiteTeamCountry "ESP"]
[BlackTeamCountry "ESP"]

1. d4 d6 2. Nc3 e5 3. dxe5 dxe5 4. Qxd8+ Kxd8 5. Bg5+ f6 6. 0-0-0+ Nd7 7. Bh4 c6 8. e4 Kc7 9. f3 Nc5 10. Bf2 Be6 11. Nge2 b5 12. a3 a5 13. Nb1 Nh6 14. g4 Be7 15. Bg2 b4 16. Bg3 Kb7 17. b3 bxa3 18. Nec3 a4 19. b4 Nb3+ 20. cxb3 axb3 21. Nxa3 Rxa3 22. Nb1 Ra2 23. Rd2 Bxb4 24. Rf2 c5 25. Rd1 c4 0-1